| 000 | 00694nam a2200217Ia 4500 | ||
|---|---|---|---|
| 005 | 20241129111316.0 | ||
| 008 | 241129s9999||||xx |||||||||||||| ||und|| | ||
| 020 | _a978-81-7975-800-7 | ||
| 037 | _aTB | ||
| 040 |
_aCRL _beng _cCRL |
||
| 041 |
_aeng _2eng |
||
| 084 |
_aV2:2.D J5;R4 _qCRL |
||
| 100 |
_aJayaswal K. P. Au. _9724040 |
||
| 245 | 0 |
_aHindu polity: constutional history of India in Hindu times: part I and II _cJayaswal K. P. Au. |
|
| 260 |
_aNew Delhi, India _bAnamika Publishers and Distributors (P) Ltd. _c2024 |
||
| 300 | _axlvii,430p. | ||
| 365 |
_aINR _b1900 |
||
| 650 | _aIndian HistoryConstitution | ||
| 942 |
_cTB _hV2:2.D J5;R4 |
||
| 999 |
_c1229858 _d1229858 |
||